| 000 | 01189nam a2200229Ia 4500 | ||
|---|---|---|---|
| 001 | L232-6527 | ||
| 003 | IT-CnALBA | ||
| 008 | 170116s9999||||xx |||||||||||||| ||und|| | ||
| 040 |
_aIT-CnALBA _cIT-CnALBA |
||
| 041 | _aITALIANO | ||
| 100 | _aBARGELLINI PIERO | ||
| 245 | 0 | _aLA BARCA DEL PESCATORE. | |
| 250 | _a2a ed. | ||
| 260 |
_a BRESCIA _bMORCELLIANA EDITRICE _c1941 [1° Ed.:1939 - Ed.Ling.Originale: 1939] |
||
| 300 | _a246 p. | ||
| 500 | _aMEDITAZIONE SU GESÙ E LA CHIESA. LA NASCITA DELLA CHIESA. LA CRESCITA. ANTIOCHIA. ROMA. MARTIRI. NEMICI DELLA CHIESA. APOSTATI ERETICI. SCRITTORI APOLOGISTI. POLEMISTI. PADRI DELLA CHIESA. VESCOVI ASCETI MONACI. RE. PAPI. CATECHISMO SULLA CHIESA. LETTURE. | ||
| 501 | _aSocietà San Paolo EM - Piazza San Paolo, 14 - 12051 ALBA (CN) (non commercial uses only) ® Copyright 2017 | ||
| 520 | _aMEDITAZIONE SU GESÙ E LA CHIESA. LA NASCITA DELLA CHIESA. LA CRESCITA. ANTIOCHIA. ROMA. MARTIRI. NEMICI DELLA CHIESA. APOSTATI ERETICI. SCRITTORI APOLOGISTI. POLEMISTI. PADRI DELLA CHIESA. VESCOVI ASCETI MONACI. RE. PAPI. CATECHISMO SULLA CHIESA. LETTURE. | ||
| 650 | _aVITA E MISTERO DI CRISTO | ||
| 942 | _cBK | ||
| 957 | _71 | ||
| 999 |
_a7503 _bSI _g Copie: 1 _c265709 _d265709 |
||